000
00327nam a22001337a 4500
008
171030b xxu||||| |||| 00| 0 eng d
020
_a
9024734434460
041
_a
eng
080
_a
338.5
100
_a
57
101
_a
QMI
245
_a
THE EUROPEAN MONTERARY SYSTEM PAST PRESENT AND FUTURE
_c
COFFEY.P
942
_2
udc
_c
BK
999
_c
36515
_d
36515